Historia de la milagrosa renovación de la soberana imagen de Cristo señor nuestro crucificado ...

Detalles Bibliográficos
Autor principal: VELASCO, Alfonso Alberto de
Formato: Libro
Publicado: México 1845
Materias:
Colección:Banco de datos
Acervo:Biblioteca Nacional de Antropología e Historia. Fondo Conventual
Tema general:Hagiografía
Notas:Regular. V,4,22. La portada tiene un ex libris en sello de F.F. Ramírez. Encuadernado con: Pensil american ... o aparición de la milagrosa imagen de Guadalupe de Ignacio Carrillo Pérez.
LEADER 00870nam a22001930004500
035 |a 19289 
036 |a 6835 
100 1 |a VELASCO, Alfonso Alberto de 
245 1 0 |a Historia de la milagrosa renovación de la soberana imagen de Cristo señor nuestro crucificado ... 
260 |a México  |c 1845 
500 |a Regular. V,4,22. La portada tiene un ex libris en sello de F.F. Ramírez. Encuadernado con: Pensil american ... o aparición de la milagrosa imagen de Guadalupe de Ignacio Carrillo Pérez. 
650 1 0 |a Hagiografía 
949 |a B.N.A.H. 
959 |a Biblioteca Nacional de Antropología e Historia. Ciudad de México  |b CCC1 
960 |a Colección General de B.N.A.H. de la ciudad de México  |b DD58 
961 |a Varias Ordenes Religiosas  |b VO 
942 |c B.N.A.H. 
943 |g Biblioteca Nacional de Antropología e Historia. Fondo Conventual 
999 |c 1043821  |d 1043821